• 首页
  • 本馆介绍
  • 公告通知
  • 最新文献
  • 馆藏检索
  • 电子资源
  • 读者导购
  • 参考咨询
  • 我的图书馆
  • 登录
  • 详细信息显示
  • 放入我的书架
  • 预约/预借图书
  • 作者相关作品
  • 分类相关作品
  • 丛书相关作品
  • 出版社相关作品

书目信息

  • 表格格式
  • 工作单格式
  • 卡片格式
题名:
高二代数辅导与练习
    
 
作者: ;北京市海淀区教师进修学校 著
分册:  
出版信息: 重庆   重庆出版社  1983
页数: 209页
开本: 19cm
丛书名: 中学理科学习指导丛书
单 册:
中图分类: G634.62 , G633.6
科图分类:
主题词: 代数--高中--教学参考资料 , 教育--各级
电子资源:
ISBN:
000 00852nam2 2200289 45
001 0183009503
005 20040616092115.5
010    @dCNY0.48
091    @a7114.133
100    @a19950607d1983 em y0chiy0121 ea
101 0  @achi
102    @aCN@b510000
105    @ay q 000yy
106    @ar
200 10 @a高二代数辅导与练习@Agao er dai shu fu dao yu lian xi@f北京市海淀区教师进修学校著
210    @a重庆@c重庆出版社@d1983
215    @a209页@d19cm
225 2  @a中学理科学习指导丛书
410  0 @120010@a中学理科学习指导丛书
606    @a代数@x高中@x教学参考资料
606 0  @a教育@x各级
690    @aG634.62@v3
690    @aG633.6@v3
711 02 @a北京市海淀区教师进修学校@Abei jing shi hai dian qu jiao shi jin xiu xue xiao@4著
801  0 @aCN@b上海图书馆@c20040427
801  2 @aCN@bNLC@c20040427
905    @dG633.6@e101@f1@b147120
    
    高二代数辅导与练习/北京市海淀区教师进修学校著.-重庆:重庆出版社,1983
    209页;19cm.-(中学理科学习指导丛书)
    
    
    ISBN :CNY0.48
    
●
相关链接 在E读中查询图书 在五车中查询图书 在当当中查询图书 在豆瓣中查询图书


正题名:高二代数辅导与练习     索取号:G633.6/101         预约/预借

序号 登录号 条形码 馆藏地/架位号 状态 备注
1 0147119   000244505   密集书库/ [索取号:G633.6/101] 在馆    
2 0147120   000244550   密集书库/ [索取号:G633.6/101] 在馆    
3 0147121   000244499   密集书库/ [索取号:G633.6/101] 在馆    
4 0147122   000244569   密集书库/ [索取号:G633.6/101] 在馆    
5 0147123   202438013   第一样本阅览室/ [索取号:G633.6/101] 在馆    
唐山师范学院图书馆 欢迎您!
大连网信软件有限公司© 版权所有